Five year plan, Gujarat (Record no. 476137)

000 -LEADER
fixed length control field 00328cam a22001097a 4500
008 - FIXED-LENGTH DATA ELEMENTS--GENERAL INFORMATION
fixed length control field 180718b-- xxu||||| |||| 00| 0 eng d
082 ## - DEWEY DECIMAL CLASSIFICATION NUMBER
Classification number T000x5441
100 ## - MAIN ENTRY--PERSONAL NAME
Personal name Gujarat. Planning Division. Department of General Administration
245 ## - TITLE STATEMENT
Title Five year plan, Gujarat
260 ## - PUBLICATION, DISTRIBUTION, ETC.
Place of publication, distribution, etc. Gandhinagar
Name of publisher, distributor, etc. The author
Date of publication, distribution, etc. --
500 ## - GENERAL NOTE
General note Library has 8
Holdings
Withdrawn status Lost status Damaged status Not for loan Permanent Location Current Location Date acquired Full call number Barcode Date last seen Price effective from Koha item type
        Indian Institute of Public Administration Indian Institute of Public Administration 2018-08-04 T000x5441 GG21548 2018-08-04 2018-08-04 GG

Powered by Koha